<?xml version="1.0" encoding="UTF-8"?>
<record
    xmlns:xsi="http://www.w3.org/2001/XMLSchema-instance"
    xsi:schemaLocation="http://www.loc.gov/MARC21/slim http://www.loc.gov/standards/marcxml/schema/MARC21slim.xsd"
    xmlns="http://www.loc.gov/MARC21/slim">

  <leader>01017cam a22002771  4500</leader>
  <controlfield tag="001">sa 68000592 </controlfield>
  <controlfield tag="003">DLC</controlfield>
  <controlfield tag="005">20260227112425.0</controlfield>
  <controlfield tag="008">910111s1966    pk       d    000 0 urdr </controlfield>
  <datafield tag="010" ind1=" " ind2=" ">
    <subfield code="a">sa 68000592 </subfield>
  </datafield>
  <datafield tag="025" ind1=" " ind2=" ">
    <subfield code="a">PL480:P-U-1727</subfield>
  </datafield>
  <datafield tag="035" ind1=" " ind2=" ">
    <subfield code="a">(OCoLC)22956629</subfield>
  </datafield>
  <datafield tag="040" ind1=" " ind2=" ">
    <subfield code="a">DLC</subfield>
    <subfield code="c">WaU</subfield>
    <subfield code="d">OCoLC</subfield>
    <subfield code="d">DLC</subfield>
  </datafield>
  <datafield tag="041" ind1="0" ind2=" ">
    <subfield code="a">urdeng</subfield>
  </datafield>
  <datafield tag="042" ind1=" " ind2=" ">
    <subfield code="a">premarc</subfield>
  </datafield>
  <datafield tag="050" ind1="0" ind2="0">
    <subfield code="a">HB61</subfield>
    <subfield code="b">.P8</subfield>
  </datafield>
  <datafield tag="110" ind1="2" ind2=" ">
    <subfield code="a">University of the Punjab.</subfield>
    <subfield code="b">Committee for the Development of Urdu.</subfield>
  </datafield>
  <datafield tag="245" ind1="1" ind2="0">
    <subfield code="a">I&#x1E63;&#x1E6D;il&#x101;&#x1E25;&#x101;t-i ma&#x2BB;&#x101;sh&#x12B;y&#x101;t.</subfield>
    <subfield code="c">Murattabah va sh&#x101;&#x2BC;i&#x2BB; kardah-i Id&#x101;rah-i Ta&#x2BC;l&#x12B;f va Tarjumah, Panj&#x101;b Y&#x16B;n&#x12B;varsi&#x1E6D;&#x12B;.</subfield>
  </datafield>
  <datafield tag="260" ind1=" " ind2=" ">
    <subfield code="a">L&#x101;h&#x16B;r,</subfield>
    <subfield code="c">1966.</subfield>
  </datafield>
  <datafield tag="300" ind1=" " ind2=" ">
    <subfield code="a">5, 321 p.</subfield>
    <subfield code="c">21 cm.</subfield>
  </datafield>
  <datafield tag="490" ind1="1" ind2=" ">
    <subfield code="a">Silsilah-i Ma&#x1E6D;b&#x16B;&#x2BB;&#x101;t-i Id&#x101;rah-i Ta&#x2BC;l&#x12B;f va Tarjumah, Panj&#x101;b Y&#x16B;n&#x12B;varsi&#x1E6D;&#x12B;,</subfield>
    <subfield code="v">nambir 2</subfield>
  </datafield>
  <datafield tag="500" ind1=" " ind2=" ">
    <subfield code="a">English and Urdu.</subfield>
  </datafield>
  <datafield tag="650" ind1=" " ind2="0">
    <subfield code="a">Economics</subfield>
    <subfield code="v">Dictionaries.</subfield>
  </datafield>
  <datafield tag="650" ind1=" " ind2="0">
    <subfield code="a">English language</subfield>
    <subfield code="x">Dictionaries</subfield>
    <subfield code="x">Urdu.</subfield>
  </datafield>
  <datafield tag="810" ind1="2" ind2=" ">
    <subfield code="a">University of the Punjab.</subfield>
    <subfield code="b">Committee for the Development of Unru.</subfield>
    <subfield code="t">Publication ;</subfield>
    <subfield code="v">no. 2.</subfield>
  </datafield>
  <datafield tag="999" ind1=" " ind2=" ">
    <subfield code="c">77314</subfield>
    <subfield code="d">77314</subfield>
  </datafield>
</record>
